000 00378nam a22001577a 4500
003 macl
005 20150628132953.0
008 150628b xxu||||| |||| 00| 0 eng d
040 _c macl
041 _aEnglish
082 _a100 CHA
245 _aRealism And Its Alternatives
260 _aCalcutta
_bSadhan Chakraborti
_c2000
650 _aPhilosophy
_9332
942 _2ddc
_cBK
999 _c49927
_d49927